La réponse commence par T - Statistiques

Statistiques générales
  • Ce quiz a été pris 920 fois
  • Le résultat moyen est 15 sur 20
Statistiques - réponses
Indices Réponses % Correct
La pieuvre en possède généralement huit Tentacule
98%
On dort dedans lorsque l'on fait du camping Tente
98%
Attention à ce nombre si il tombe un vendredi Treize
98%
Légume-fruit le plus connu Tomate
96%
Acte écrit d'une personne indiquant comment ses biens seront distribués après sa mort Testament
94%
Tourbillons de vents violents Tornade
92%
Ville la plus peuplée du Canada Toronto
91%
Reporter belge de bande dessinées Tintin
85%
Toile horizontale élastique fixée à un cadre par des ressorts sur laquelle on saute Trampoline
84%
Pelle à main utilisée par les maçons ou les archéologues Truelle
84%
Pays transcontinental avec l'Europe et l'Asie Turquie
81%
Ce sport utilise des balles de caoutchouc recouverte de feutre Tennis
79%
Instrument de musique constitué d'un fût sur lequel est tendue une peau Tambour
77%
Quadrilatère possédant deux côtés parallèles Trapèze
65%
Couvre-chef constitué d'une longue écharpe enroulée autour du haut de la tête Turban
63%
Attrait pour quelque chose e défendu Tentation
58%
Autre nom du fourmilier géant Tamanoir
48%
Pince métallique dont on se sert pour tenir, serrer ou arracher quelque chose Tenaille
44%
Piège tendu à une personne Traquenard
42%
La salade César a été créée dans cette ville Tijuana
7%
Aucun quiz correspondant
Distribution des résultats
% des personnes avec chaque résultat
Percentile par nombre de réponses
Votre historique - résultats
Vous n’avez pas pris ce quiz